000
00344nam a22001457a 4500
008
210312b ||||| |||| 00| 0 eng d
020
_a
9780804726795
041
_a
eng
080
_a
070
082
_a
070
100
_a
40
101
_a
MED
245
_a
The Media and Modernity-Asocial Therory of the Media
_c
Thompson,B.J
942
_2
udc
_c
BK
999
_c
56558
_d
56558